Fluid mechanics and hydraulic machines / (Record no. 166060)

MARC details
000 -LEADER
fixed length control field 00628nam a22001937a 4500
005 - DATE AND TIME OF LATEST TRANSACTION
control field 20190711170543.0
010 ## - LCCN (DPL NO)
LC control number ENG-125879
020 ## - INTERNATIONAL STANDARD BOOK NUMBER
International Standard Book Number 9789353433697
Terms of availability 679.00
035 ## - SYSTEM CONTROL NUMBER
System control number EN-109411
037 ## - SOURCE OF ACQUISITION
Source of stock number/acquisition DBAD/PUB
082 ## - DEWEY DECIMAL CLASSIFICATION NUMBER
Classification number 532.5
100 ## - MAIN ENTRY--PERSONAL NAME
Personal name Mahesh Kumar
245 ## - TITLE STATEMENT
Title Fluid mechanics and hydraulic machines /
Statement of responsibility, etc by Mahesh Kumar
260 ## - PUBLICATION, DISTRIBUTION, ETC. (IMPRINT)
Place of publication, distribution, etc Noida
Name of publisher, distributor, etc Pearson India Education
Date of publication, distribution, etc 2019
270 ## - ADDRESS
Address 15th Floor, Tower-B World Trade Tower, Plot No. 1 Block- C, Sector-16
City Noida, Uttar Pradesh
Postal code 201301
300 ## - PHYSICAL DESCRIPTION
Extent various paging.
Dimensions 25cm(pbk)
500 ## - GENERAL NOTE
General note Includes index
942 ## - ADDED ENTRY ELEMENTS (KOHA)
Source of classification or shelving scheme Dewey Decimal Classification
Item type English Books
Classification part 532.5
Call number suffix MAH
Holdings
Withdrawn status Lost status Not for loan Collection code Home library Current library Date acquired Source of acquisition Cost, normal purchase price Full call number Barcode Copy number Cost, replacement price Koha item type
      Non-fiction Bawana Bawana 11/07/2019 DBAD/PUB 679.00 532.5 MAH EN-109411 1 679.00 English Books

© Delhi Public Library
Hit Counter
free hit counter